00536nam a2200181 a 45000010010000000030011000100080041000210350026000620820014000881000010001022450051001122600044001636500010002079420012002179520090002299980020003199990015003390000-8639ELIB.Books110520 1976  a(ELIB.Books)0000-8785 a220 bBil aBible aThe Word of God alive & active (New Testament) bNew York: American Bible Society c1976 aBible 2ddccBK 00102ddc4070aKBTSbKBTSd2011-05-20l0p9541r2022-01-22 00:00:00w2022-01-22yBK cbate2011-05-20 c8639d8639